000 00690nam a2200229Ia 4500
001 5610
003 GE_BSU
008 181216s||||||||xx |||||||||||||| ||und||
040 _cGE_BSU
080 _a519.6
100 _aКук Д.
245 _aКомпьютерная математика
245 _cПер с англиийского Г. М. Кобелькова
260 _aМосква
260 _bНаука, .
260 _c1990
300 _a384 с.22 см
653 _aКомпьютерная математика
653 _aინფორმატიკა
653 _aსაინფორმაციო ტექნოლოგიები
942 _cBK
999 _c39066
_d39066